000 02034nam0a2200349 i 4500
001 RU\NLR\BIBL_A\010007760
005 20240921203459.0
010 _a9785904314392
_9350
035 _a(NILC)RuMoRGB-005377278
035 _a(NLR Aleph) 010007760
090 _a9836007
_c9836007
100 _a20131127d2011 k y0rusy50 ca
101 0 _arus
102 _aRU
105 _aa||||||||||||
200 1 _aБолезни и вредители в лесах России: век XXI
_eматериалы Всероссийской конференции с международным участием и V ежегодных чтений памяти О. А. Катаева, Екатеринбург, 20-25 сентября 2011 г.
210 _aКрасноярск
_cИЛ СО РАН
_d2011
215 _a190 с.
_cил., табл.
_d29
300 _aВ надзаг.: Российская акад. наук, Учреждение Рос. акад. наук Ботанический сад УрО РАН, Ин-т леса им. В.Н. Сукачева СО РАН [и др.]
320 _aБиблиогр. в конце ст.
320 _aУказ. авт.: с. 188
606 1 _aДревесные породы
_jСъезды, совещания и т.п.
_xБолезни и вредители
_xБорьба с ними
_yРоссийская Федерация
_z21 в.
_92168438
_3RU\NLR\AUTH\6601541248
686 1 _aП496(2Р)я431(2)
711 1 2 _a"Болезни и вредители в лесах России, век XXI", всероссийская конференция с международным участием
_eЕкатеринбург
_f2011
_9385101
_3RU\NLR\AUTH\880358847
711 1 2 _aЧтения памяти О. А. Катаева
_d5
_eЕкатеринбург
_f2011
_9385103
_3RU\NLR\AUTH\880358848
801 0 _aRU
_bРГБ
_c20111129
_gRCR
801 1 _aRU
_bРГБ
_c20111129
_2rusmarc
942 _cBOOK
980 _aNBR